Logo BPK

Bibliografia Prac Pracowników

Politechniki Koszalińskiej

Diagnozowanie samochodowej sieci informacyjnej / (Rekord nr 8733)

Szczegóły MARC
000 -ETYKIETA REKORDU
podpole kontrolne o stałej długości 00785naa a22001697i 4500
001 - NUMER KONTROLNY REKORDU
podpole kontrolne 8733
003 - IDENTYFIKATOR NUMERU KONTROLNEGO REKORDU
podpole kontrolne KOSZ 005
005 - DATA OSTATNIEJ MODYFIKACJI REKORDU
podpole kontrolne 20180403110054.0
008 - POLE O STAŁEJ DŁUGOŚCI - DANE KONTROLNE
podpole kontrolne o stałej długości 180301s2011 pl |||f| ||||0|| ||pol d
040 ## - ŹRÓDŁO KATALOGOWANIA
Instytucja, która utworzyła rekord KOSZ 005/HR
Instytucja, która sporządziła opis KOSZ 005/HR
041 0# - KOD JĘZYKA
Kod języka tekstu pol
100 1# - NAZWA OSOBOWA
Nazwa osobowa DUER, Stanisław.
Lata pracy 2003 - .
Instytucja Politechnika Koszalińska - Wydział Mechaniczny,
Wydział Katedra Zastosowań Elektroniki i Elektrotechniki
245 10 - TYTUŁ/ODPOWIEDZIALNOŚĆ
Tytuł Diagnozowanie samochodowej sieci informacyjnej /
Pozostałe elementy strefy tytułu i oznaczenia odpowiedzialności Stanisław Duer, Konrad Zajkowski.
773 0# - TYTUŁ DOKUMENTU MACIERZYSTEGO
Wyrażenie wprowadzające W :
Tytuł Autobusy. -
Adres wydawniczy Łódź : Inst. Naukowo-Wydawniczy "SPATIUM". -
Informacje dotyczące relacji 2011, nr 5, s. 130-136
ISSN 1509-5878
700 1# - HASŁO DODATKOWE - NAZWA OSOBOWA
Nazwa osobowa ZAJKOWSKI, Konrad.
Lata pracy 1999 - .
Instytucja Politechnika Koszalińska - Wydział Mechaniczny,
Wydział Katedra Zastosowań Elektroniki i Elektrotechniki
942 ## - HASŁO DODATKOWE - ELEMENTY(KOHA)
Typ dokumentu Artykuł
Schemat klasyfikacji Uniwersalna klasyfikacja dziesiętna

Brak dostępnych egzemplarzy.

© 2014 Biblioteka Politechniki Koszalińskiej :: BIBLIOGRAFIA PRAC PRACOWNIKÓW